| 000 | 00446nam a2200157 i 4500 | ||
|---|---|---|---|
| 001 | 69601 | ||
| 003 | ES-MaACL | ||
| 005 | 20230906170546.0 | ||
| 007 | t| | ||
| 008 | 040708s1902 sp ||||1| spa d | ||
| 100 | 1 |
_aGarcía Faria, Pedro ( _d1858-1927) _954586 |
|
| 245 | 1 | 0 |
_aAnarquía o caciquismo / _cPedro García Faria. |
| 260 |
_aBarcelona : _b[s.n.], _c1902 ( _fHenrich y Cª) |
||
| 300 |
_a52 p. ; _c26 cm. |
||
| 852 |
_aES-MaACL _jT-1024-F-4 |
||
| 999 |
_c69601 _d69601 |
||